000 00602nam a22002297a 4500
999 _c458988
_d458988
001 216216977
003 UA-OsUOA
005 20200427111144.0
008 200427b un ||||| |||| 00| 0 ukr d
020 _a5774503054
040 _aUA-OsUOA
_bukr
_cUA-OsUOA
_dUA-OsUOA
041 _aukr
080 _a821.161.1
090 _a821.161.1
_bП44
100 _aПодобед И. М
245 _aОгненные километры
_bповесть
_cИ. М. Подобед
260 _aЛьвов
_bКаменяр
_c1991
300 _a125 с.
650 _2821
942 _2udc
_cBK
955 _a3